000
00319nam a22001457a 4500
008
210607b ||||| |||| 00| 0 eng d
020
_a
0471189146
041
_a
eng
080
_a
611
082
_a
611
100
_a
6
101
_a
ANA
245
_a
Human Anatomy and Physiology
_c
James E. Crouch
942
_2
udc
_c
BK
999
_c
58028
_d
58028